Panorama de la agricultura chilena
Gespeichert in:
| Körperschaften: | , |
|---|---|
| Format: | Buch |
| Sprache: | Spanisch Englisch |
| Veröffentlicht: |
Santiago
ODEPA
2012
|
| Schlagworte: | |
| Tags: |
Tag hinzufügen
Keine Tags, Fügen Sie den ersten Tag hinzu!
|
MARC
| LEADER | 00000cam a2200000 a 4500 | ||
|---|---|---|---|
| 001 | UCF3689 | ||
| 003 | CL-VaPUC | ||
| 008 | 121025e20120000CL |||||||||||||||||spa|d | ||
| 020 | |a 9789567244263 | ||
| 041 | 0 | 7 | |a spa |2 CL-VaPUC |
| 041 | 0 | 7 | |a eng |2 CL-VaPUC |
| 082 | 0 | 4 | |a 630.983 |b ODE |2 21 |
| 110 | 2 | |a ODEPA |e author |9 565426 | |
| 710 | 2 | |a Oficina de Estudios y Políticas Agrarias |e author |9 565427 | |
| 245 | 1 | 0 | |a Panorama de la agricultura chilena |
| 246 | 1 | 0 | |a Chilean agriculture overview |
| 300 | |a 128 p | ||
| 942 | |c BK | ||
| 945 | |d 20121025 00:00:00 |a dcastane | ||
| 260 | |a Santiago |b ODEPA |c 2012 | ||
| 650 | 7 | |a ESTADISTICA AGRICOLA |2 CL-VaPUC |9 547499 | |
| 650 | 7 | |a DESARROLLO AGRICOLA |2 CL-VaPUC |9 259759 | |
| 650 | 0 | |a Agricultura chilena |9 405541 | |
| 650 | 0 | |a Comercio exterior |9 257617 | |
| 583 | |a last modification |c 20121025 12:11:00 |k Rodrigo Vera | ||
| 999 | |c 349868 |d 349866 | ||
| 952 | |0 0 |1 0 |4 0 |6 630_983000000000000_ODE_2012 |7 0 |8 A |9 452739 |a BIBAGR |b BIBAGR |d 2019-11-22 |i 4919289 |o 630.983 ODE 2012 |p 4919289 |r 2025-01-20 |w 2019-11-22 |y BK |k AGR | ||
| 952 | |0 0 |1 0 |4 0 |6 630_983000000000000_ODE_2012 |7 0 |8 A |9 452740 |a BIBAGR |b BIBAGR |d 2019-11-22 |i 4919297 |o 630.983 ODE 2012 |p 4919297 |r 2025-01-20 |w 2019-11-22 |y BK |k AGR | ||